[Event "Mike Shpan mem."]
[Site "Winnipeg CAN"]
[Date "2004.11.02"]
[Round "1"]
[White "Khedkar, Jay S"]
[Black "Rutter, Blair"]
[Result "1-0"]
[WhiteElo "1964"]
[BlackElo "1659"]
[PlyCount "73"]
[GameId "2160767911060879"]
[EventDate "2004.11.02"]
[EventType "swiss"]
[EventRounds "6"]
[EventCountry "CAN"]
[SourceTitle "EXT 2009"]
[Source "ChessBase"]
[SourceDate "2008.11.26"]
[SourceVersion "1"]
[SourceVersionDate "2008.11.26"]
[SourceQuality "1"]

1. e4 e6 2. d4 d5 3. Nc3 Nf6 4. e5 Nfd7 5. f4 c5 6. Nf3 Nc6 7. Be3 a6 8. Qd2 b5 9. Be2 f5 10. O-O Be7 11. Nd1 c4 12. Nf2 Nf8 13. h3 Bd7 14. Kh2 Qc7 15. Rg1 O-O-O 16. b3 h6 17. a4 Na5 18. axb5 c3 19. b6 Qc6 20. Qd3 Qxb6 21. Qxc3+ Nc6 22. Rxa6 Bb4 23. Qb2 Qc7 24. Rga1 Kb7 25. c3 Ba5 26. b4 Bb6 27. Nd3 Rb8 28. Nc5+ Kc8 29. Ra8 Bxc5 30. dxc5 Kd8 31. b5 Ke7 32. Qa3 Rxa8 33. Qxa8 Ng6 34. Qa3 Ncxe5 35. c6+ Kf7 36. Nxe5+ Nxe5 37. Qa7 1-0

[Event "Mike Shpan mem."]
[Site "Winnipeg CAN"]
[Date "2004.11.02"]
[Round "1"]
[White "Proulx, Roy"]
[Black "Schulz, Waldemar"]
[Result "1/2-1/2"]
[WhiteElo "1695"]
[BlackElo "2089"]
[PlyCount "101"]
[GameId "2160767911060880"]
[EventDate "2004.11.02"]
[EventType "swiss"]
[EventRounds "6"]
[EventCountry "CAN"]
[SourceTitle "EXT 2009"]
[Source "ChessBase"]
[SourceDate "2008.11.26"]
[SourceVersion "1"]
[SourceVersionDate "2008.11.26"]
[SourceQuality "1"]

1. d4 d5 2. c4 e6 3. Nc3 Nf6 4. cxd5 exd5 5. Nf3 c6 6. Bg5 Nbd7 7. e3 Qa5 8. Nd2 Bb4 9. Rc1 Ne4 10. Ndxe4 dxe4 11. Bf4 Qxa2 12. Qc2 O-O 13. Bd6 Bxc3+ 14. Qxc3 Re8 15. Bc4 Qa4 16. b3 Qa2 17. Ra1 Qxa1+ 18. Qxa1 Nb6 19. O-O Nxc4 20. bxc4 Be6 21. Qc3 b5 22. cxb5 cxb5 23. Ra1 Rec8 24. Bc5 a6 25. f3 Bd5 26. fxe4 Bxe4 27. Qa5 h5 28. Qb6 Rc6 29. Qb7 Re6 30. Qc7 Rg6 31. g3 Re8 32. Bd6 Ra8 33. Rf1 f5 34. Ra1 h4 35. Qb6 a5 36. Rxa5 Rxa5 37. Qxa5 Rxd6 38. Qxb5 Kh7 39. Qe5 Rd5 40. Qf4 hxg3 41. hxg3 Rb5 42. g4 Bd3 43. gxf5 Rxf5 44. Qh4+ Kg6 45. e4 Rb5 46. e5 Kf5 47. Kf2 Bc4 48. Qh3+ Ke4 49. Qe3+ Kd5 50. e6 Rb2+ 51. Ke1 1/2-1/2

[Event "Mike Shpan mem."]
[Site "Winnipeg CAN"]
[Date "2004.11.02"]
[Round "1"]
[White "Silva, T Romero"]
[Black "Lafreniere, Adrian"]
[Result "0-1"]
[WhiteElo "1660"]
[BlackElo "1753"]
[PlyCount "83"]
[GameId "2160767911060881"]
[EventDate "2004.11.02"]
[EventType "swiss"]
[EventRounds "6"]
[EventCountry "CAN"]
[SourceTitle "EXT 2009"]
[Source "ChessBase"]
[SourceDate "2008.11.26"]
[SourceVersion "1"]
[SourceVersionDate "2008.11.26"]
[SourceQuality "1"]

1. d4 e6 2. c4 Nf6 3. Bg5 h6 4. Bf4 d5 5. Nc3 Bd6 6. Bd2 c5 7. e3 Bd7 8. Nf3 Qc7 9. Rc1 dxc4 10. Bxc4 Qb6 11. O-O cxd4 12. Nxd4 a6 13. Be2 Nc6 14. Nf3 O-O 15. Na4 Qc7 16. Nc5 Rfd8 17. g3 Be8 18. Qc2 Rac8 19. Ne4 Nxe4 20. Qxe4 Qe7 21. Bc3 f5 22. Qb1 Bf7 23. Rfe1 g6 24. Bf1 e5 25. b3 e4 26. Nd4 Ne5 27. Qa1 h5 28. Be2 h4 29. Kg2 Bd5 30. Rg1 Kf7 31. Bb2 Rxc1 32. Qxc1 Nd3 33. Bxd3 exd3+ 34. f3 hxg3 35. hxg3 Qg5 36. Kf2 Rh8 37. Rg2 Bxg3+ 38. Kf1 Rh1+ 39. Rg1 Qh4 40. Qd2 Qh3+ 41. Qg2 Rxg1+ 42. Kxg1 0-1

[Event "Mike Shpan mem."]
[Site "Winnipeg CAN"]
[Date "2004.11.02"]
[Round "1"]
[White "Van Wyk, Joseph"]
[Black "MacPherson, Al"]
[Result "1-0"]
[WhiteElo "1912"]
[BlackElo "1734"]
[PlyCount "81"]
[GameId "2160767911060882"]
[EventDate "2004.11.02"]
[EventType "swiss"]
[EventRounds "6"]
[EventCountry "CAN"]
[SourceTitle "EXT 2009"]
[Source "ChessBase"]
[SourceDate "2008.11.26"]
[SourceVersion "1"]
[SourceVersionDate "2008.11.26"]
[SourceQuality "1"]

1. e4 c5 2. c3 d6 3. d4 cxd4 4. cxd4 Nf6 5. Nc3 a6 6. Nf3 e6 7. Bd3 Be7 8. O-O O-O 9. Qc2 h6 10. a3 b5 11. Be3 Kh8 12. Rfd1 Bb7 13. Qd2 Ng8 14. d5 e5 15. Rac1 Nd7 16. b4 Ndf6 17. h3 Bc8 18. a4 Bd7 19. a5 Rb8 20. Bb6 Rxb6 21. axb6 Qxb6 22. Ne2 Nh7 23. Rc2 Ng5 24. Nxg5 Bxg5 25. Qc3 Bd8 26. Ra1 f5 27. exf5 Bxf5 28. Bxf5 Rxf5 29. Ng3 Rf7 30. Qe3 Qb7 31. Rc6 Bc7 32. Raxa6 Nf6 33. Ra7 Qb8 34. Qa3 Kh7 35. Qd3+ g6 36. Rca6 Kg7 37. Ne4 Nxe4 38. Qxe4 Rf4 39. Qe3 Rd4 40. f4 Rxd5 41. Rxc7+ 1-0

[Event "Mike Shpan mem."]
[Site "Winnipeg CAN"]
[Date "2004.11.09"]
[Round "2"]
[White "Essery, Richard"]
[Black "Van Wyk, Joseph"]
[Result "1/2-1/2"]
[WhiteElo "1721"]
[BlackElo "1912"]
[PlyCount "73"]
[GameId "2160767911060883"]
[EventDate "2004.11.02"]
[EventType "swiss"]
[EventRounds "6"]
[EventCountry "CAN"]
[SourceTitle "EXT 2009"]
[Source "ChessBase"]
[SourceDate "2008.11.26"]
[SourceVersion "1"]
[SourceVersionDate "2008.11.26"]
[SourceQuality "1"]

1. e4 e5 2. f4 d6 3. Nf3 Nc6 4. d3 Bg4 5. h3 Bxf3 6. Qxf3 Nd4 7. Qf2 Nf6 8. c3 Ne6 9. f5 Nc5 10. Be3 Ncd7 11. Nd2 d5 12. Be2 Bd6 13. g4 h6 14. g5 hxg5 15. Bxg5 c6 16. Qg2 dxe4 17. dxe4 Be7 18. O-O-O Qa5 19. Kb1 O-O-O 20. Nc4 Qc7 21. Be3 Bc5 22. Bxc5 Nxc5 23. Rxd8+ Rxd8 24. Qxg7 Ncxe4 25. Bf3 Rg8 26. Qh6 b5 27. Na3 Qd7 28. Rd1 Qxf5 29. Bg4 Rxg4 30. hxg4 Qxg4 31. Qf8+ Kb7 32. Qxf7+ Kb6 33. Qb3 Nd5 34. Nc4+ Kc7 35. Nxe5 Qf5 36. Nd3 Ne3 37. Ka1 1/2-1/2

[Event "Mike Shpan mem."]
[Site "Winnipeg CAN"]
[Date "2004.11.09"]
[Round "2"]
[White "Gibson, Fred"]
[Black "Silva, T Romero"]
[Result "0-1"]
[WhiteElo "1177"]
[BlackElo "1660"]
[PlyCount "50"]
[GameId "2160767911060884"]
[EventDate "2004.11.02"]
[EventType "swiss"]
[EventRounds "6"]
[EventCountry "CAN"]
[SourceTitle "EXT 2009"]
[Source "ChessBase"]
[SourceDate "2008.11.26"]
[SourceVersion "1"]
[SourceVersionDate "2008.11.26"]
[SourceQuality "1"]

1. d4 Nf6 2. c4 e6 3. Nc3 c5 4. d5 exd5 5. cxd5 d6 6. e4 a6 7. Bg5 Nbd7 8. Nf3 Qa5 9. Qc2 Ng4 10. Bd3 Nge5 11. Nxe5 Nxe5 12. Qa4+ Qxa4 13. Nxa4 Nxd3+ 14. Ke2 Ne5 15. Nb6 Rb8 16. Rac1 f6 17. Be3 Nd7 18. Nc4 b5 19. Na5 Ne5 20. Nc6 Nxc6 21. dxc6 Rb6 22. b4 Rxc6 23. bxc5 dxc5 24. Rhd1 c4 25. Rd5 Be6 0-1

[Event "Mike Shpan mem."]
[Site "Winnipeg CAN"]
[Date "2004.11.09"]
[Round "2"]
[White "MacPherson, Al"]
[Black "Cheyne, Andrew"]
[Result "1-0"]
[WhiteElo "1734"]
[BlackElo "1158"]
[PlyCount "107"]
[GameId "2160767911060885"]
[EventDate "2004.11.02"]
[EventType "swiss"]
[EventRounds "6"]
[EventCountry "CAN"]
[SourceTitle "EXT 2009"]
[Source "ChessBase"]
[SourceDate "2008.11.26"]
[SourceVersion "1"]
[SourceVersionDate "2008.11.26"]
[SourceQuality "1"]

1. d4 d5 2. c4 Nf6 3. cxd5 Nxd5 4. e4 Nf6 5. e5 Nd5 6. Nf3 Bf5 7. Nc3 e6 8. a3 Nc6 9. Bb5 Qd7 10. Nh4 Bg6 11. Nxg6 hxg6 12. Qa4 Nde7 13. Bg5 a6 14. Bxe7 Bxe7 15. Bxc6 bxc6 16. Ne4 O-O 17. O-O Rad8 18. Rfd1 f5 19. Nc5 Qd5 20. b4 Bxc5 21. dxc5 Qxe5 22. Qxc6 Rxd1+ 23. Rxd1 Qe2 24. Qd7 f4 25. Qd3 Qg4 26. h3 Qg5 27. Qxa6 f3 28. Qxe6+ Kh7 29. g3 Qh5 30. Qg4 Qe5 31. Qh4+ Kg8 32. Qc4+ Kh7 33. Qf1 Qb2 34. Rd3 Qe2 35. Qxe2 fxe2 36. Re3 Ra8 37. Rxe2 Rxa3 38. Re7 Rb3 39. Rxc7 Rxb4 40. Re7 Rc4 41. Re5 Kh6 42. Kg2 Rc3 43. Kf1 g5 44. Ke2 Kg6 45. Kd2 Kf6 46. Kxc3 Kxe5 47. Kb4 Ke6 48. Kb5 Kd7 49. f4 gxf4 50. gxf4 g6 51. c6+ Kc7 52. Kc5 Kc8 53. Kd6 Kd8 54. h4 1-0

[Event "Mike Shpan mem."]
[Site "Winnipeg CAN"]
[Date "2004.11.09"]
[Round "2"]
[White "Rumpel, Chris"]
[Black "Costales, Servillano"]
[Result "0-1"]
[WhiteElo "1559"]
[BlackElo "1650"]
[PlyCount "106"]
[GameId "2160767911060886"]
[EventDate "2004.11.02"]
[EventType "swiss"]
[EventRounds "6"]
[EventCountry "CAN"]
[SourceTitle "EXT 2009"]
[Source "ChessBase"]
[SourceDate "2008.11.26"]
[SourceVersion "1"]
[SourceVersionDate "2008.11.26"]
[SourceQuality "1"]

1. Nf3 c5 2. g3 d6 3. Bg2 Bd7 4. O-O Qc8 5. Re1 Nc6 6. d3 Nf6 7. Nbd2 e6 8. e4 e5 9. c3 Be7 10. Nb3 O-O 11. d4 cxd4 12. cxd4 Bg4 13. d5 Nb4 14. Bd2 Nd3 15. Re3 Nxb2 16. Qe1 Na4 17. Rc1 Qd7 18. Bb4 Rfc8 19. Nfd2 Rxc1 20. Qxc1 Rc8 21. Qb1 Bh3 22. Bxh3 Qxh3 23. f3 Qd7 24. Na5 Bd8 25. Ndc4 Ne8 26. Rb3 b5 27. Nb2 Nc5 28. Rc3 Bb6 29. Kf1 Qh3+ 30. Ke2 Qxh2+ 31. Kd1 Qxg3 32. Nb3 Qg1+ 33. Kc2 Qf2+ 34. Nd2 a5 35. Nd3 Qh2 36. Bxc5 Bxc5 37. Qxb5 Kf8 38. Nxc5 dxc5 39. Rxc5 Qh3 40. Qxa5 g6 41. Qb4 Kg7 42. a4 Qd7 43. a5 h5 44. Qc3 Rxc5 45. Qxc5 h4 46. a6 Qa4+ 47. Nb3 Qxa6 48. Qe7 Qe2+ 49. Nd2 Nf6 50. Qxe5 h3 51. d6 Qa6 52. Qc3 h2 53. d7 Qa4+ 0-1

[Event "Mike Shpan mem."]
[Site "Winnipeg CAN"]
[Date "2004.11.09"]
[Round "2"]
[White "Rutter, Blair"]
[Black "Proulx, Roy"]
[Result "0-1"]
[WhiteElo "1659"]
[BlackElo "1695"]
[PlyCount "48"]
[GameId "2160767911060887"]
[EventDate "2004.11.02"]
[EventType "swiss"]
[EventRounds "6"]
[EventCountry "CAN"]
[SourceTitle "EXT 2009"]
[Source "ChessBase"]
[SourceDate "2008.11.26"]
[SourceVersion "1"]
[SourceVersionDate "2008.11.26"]
[SourceQuality "1"]

1. c4 e6 2. g3 Nf6 3. Bg2 d5 4. Nc3 c6 5. d3 Be7 6. Nf3 O-O 7. O-O Nbd7 8. Qc2 Re8 9. d4 dxc4 10. Rd1 Nd5 11. a3 Qb6 12. e4 Nxc3 13. bxc3 Qa5 14. Be3 a6 15. Nd2 b5 16. e5 Qc7 17. Ne4 Nb6 18. Bg5 Nd5 19. Bxe7 Qxe7 20. Qd2 Bb7 21. h4 Rad8 22. Re1 f5 23. exf6 Nxf6 24. Nc5 Qxc5 0-1

[Event "Mike Shpan mem."]
[Site "Winnipeg CAN"]
[Date "2004.11.09"]
[Round "2"]
[White "Schulz, Waldemar"]
[Black "Gibbons, Michael"]
[Result "1/2-1/2"]
[WhiteElo "2089"]
[BlackElo "2079"]
[PlyCount "41"]
[GameId "2160767911060888"]
[EventDate "2004.11.02"]
[EventType "swiss"]
[EventRounds "6"]
[EventCountry "CAN"]
[SourceTitle "EXT 2009"]
[Source "ChessBase"]
[SourceDate "2008.11.26"]
[SourceVersion "1"]
[SourceVersionDate "2008.11.26"]
[SourceQuality "1"]

1. Nf3 d5 2. g3 c6 3. Bg2 Nf6 4. O-O Bf5 5. d4 e6 6. Nbd2 Nbd7 7. c4 Bd6 8. b3 O-O 9. Bb2 Re8 10. Re1 Rc8 11. Rc1 h6 12. Ne5 Bxe5 13. dxe5 Ng4 14. e4 dxe4 15. Nxe4 Ngxe5 16. Nd6 Nd3 17. Nxe8 Qxe8 18. Bd4 Nxe1 19. Qxe1 c5 20. Bc3 b6 21. Rd1 1/2-1/2

[Event "Mike Shpan mem."]
[Site "Winnipeg CAN"]
[Date "2004.11.09"]
[Round "2"]
[White "Tang, Edward"]
[Black "Harding, Mike"]
[Result "1-0"]
[WhiteElo "1940"]
[BlackElo "1740"]
[PlyCount "55"]
[GameId "2160767911060889"]
[EventDate "2004.11.02"]
[EventType "swiss"]
[EventRounds "6"]
[EventCountry "CAN"]
[SourceTitle "EXT 2009"]
[Source "ChessBase"]
[SourceDate "2008.11.26"]
[SourceVersion "1"]
[SourceVersionDate "2008.11.26"]
[SourceQuality "1"]

1. e4 c5 2. Nf3 e6 3. d4 cxd4 4. Nxd4 a6 5. Nc3 Qc7 6. Bd3 Nc6 7. Nxc6 bxc6 8. O-O d5 9. f4 Bc5+ 10. Kh1 h5 11. exd5 cxd5 12. f5 Nf6 13. Bf4 Bd6 14. Qd2 O-O 15. Bxd6 Qxd6 16. fxe6 Ng4 17. Qf4 Qxf4 18. Rxf4 Bxe6 19. Re1 Rfe8 20. h3 Nf6 21. Kg1 Nd7 22. Be2 g5 23. Rd4 Nf6 24. Bf3 g4 25. hxg4 hxg4 26. Bxd5 Red8 27. Red1 Rd6 28. Bxa8 1-0

[Event "Mike Shpan mem."]
[Site "Winnipeg CAN"]
[Date "2004.11.16"]
[Round "3"]
[White "Costales, Servillano"]
[Black "Schulz, Waldemar"]
[Result "0-1"]
[WhiteElo "1650"]
[BlackElo "2089"]
[PlyCount "84"]
[GameId "2160767911060890"]
[EventDate "2004.11.02"]
[EventType "swiss"]
[EventRounds "6"]
[EventCountry "CAN"]
[SourceTitle "EXT 2009"]
[Source "ChessBase"]
[SourceDate "2008.11.26"]
[SourceVersion "1"]
[SourceVersionDate "2008.11.26"]
[SourceQuality "1"]

1. e4 c5 2. c4 Nc6 3. Nc3 e6 4. Nf3 d6 5. Be2 Nf6 6. d4 cxd4 7. Nxd4 Bd7 8. Ndb5 Qb8 9. Bg5 a6 10. Nd4 Be7 11. O-O O-O 12. a3 Qc7 13. b4 Rac8 14. Nf3 h6 15. Bh4 Ng4 16. Bg3 Nge5 17. Nd2 Nd4 18. Bxe5 dxe5 19. Bd3 Rfd8 20. Nf3 Be8 21. Ne1 a5 22. Rb1 axb4 23. axb4 Ra8 24. Qc1 Ra7 25. Qb2 Rda8 26. h3 Ra3 27. Nb5 Bxb5 28. cxb5 Rb3 29. Qc1 Rc3 30. Qd1 Raa3 31. Kh1 Qd7 32. Be2 Ra2 33. Bd3 Nxb5 34. Bxb5 Qxb5 35. Nf3 Rcc2 36. Kg1 Qb6 37. Ne1 Rxf2 38. Rxf2 Qxf2+ 39. Kh1 Qf1+ 40. Kh2 Bg5 41. h4 Bf4+ 42. Kh3 Qh1+ 0-1

[Event "Mike Shpan mem."]
[Site "Winnipeg CAN"]
[Date "2004.11.16"]
[Round "3"]
[White "Gibbons, Lorne"]
[Black "Gibson, Fred"]
[Result "1-0"]
[WhiteElo "1300"]
[BlackElo "1177"]
[PlyCount "29"]
[GameId "2160767911060891"]
[EventDate "2004.11.02"]
[EventType "swiss"]
[EventRounds "6"]
[EventCountry "CAN"]
[SourceTitle "EXT 2009"]
[Source "ChessBase"]
[SourceDate "2008.11.26"]
[SourceVersion "1"]
[SourceVersionDate "2008.11.26"]
[SourceQuality "1"]

1. d4 Nf6 2. c4 c6 3. Nf3 d5 4. Bf4 g6 5. e3 Bg7 6. Nc3 Qa5 7. Nd2 Bf5 8. Nb3 Qc7 9. Bxc7 Nbd7 10. Be2 O-O 11. h3 Ne8 12. Bh2 b6 13. g4 Be6 14. Qd2 c5 15. cxd5 1-0

[Event "Mike Shpan mem."]
[Site "Winnipeg CAN"]
[Date "2004.11.16"]
[Round "3"]
[White "Greenberg, Harley"]
[Black "Essery, Richard"]
[Result "1-0"]
[WhiteElo "1747"]
[BlackElo "1721"]
[PlyCount "61"]
[GameId "2160767911060892"]
[EventDate "2004.11.02"]
[EventType "swiss"]
[EventRounds "6"]
[EventCountry "CAN"]
[SourceTitle "EXT 2009"]
[Source "ChessBase"]
[SourceDate "2008.11.26"]
[SourceVersion "1"]
[SourceVersionDate "2008.11.26"]
[SourceQuality "1"]

1. d4 Nf6 2. c4 g6 3. Nc3 d5 4. Qb3 dxc4 5. Qxc4 Bg7 6. e4 b6 7. Nf3 Bb7 8. e5 Nd5 9. Be2 O-O 10. O-O Nxc3 11. Qxc3 e6 12. Bg5 Qd7 13. Rac1 Rc8 14. Qe3 Nc6 15. Bf6 Ne7 16. Ng5 h6 17. Ne4 Nf5 18. Qf4 Nxd4 19. Bd3 Qd5 20. f3 Nc6 21. Bxg7 Kxg7 22. Qf6+ Kg8 23. Nd6 cxd6 24. Bxg6 Rf8 25. Be4 Qd4+ 26. Kh1 Rac8 27. Qxh6 f5 28. exf6 Rxf6 29. Qh7+ Kf8 30. Qxb7 Qa4 31. Qxc8+ 1-0

[Event "Mike Shpan mem."]
[Site "Winnipeg CAN"]
[Date "2004.11.16"]
[Round "3"]
[White "Harding, Mike"]
[Black "Rutter, Blair"]
[Result "1-0"]
[WhiteElo "1740"]
[BlackElo "1659"]
[PlyCount "65"]
[GameId "2160767911060893"]
[EventDate "2004.11.02"]
[EventType "swiss"]
[EventRounds "6"]
[EventCountry "CAN"]
[SourceTitle "EXT 2009"]
[Source "ChessBase"]
[SourceDate "2008.11.26"]
[SourceVersion "1"]
[SourceVersionDate "2008.11.26"]
[SourceQuality "1"]

1. e4 e6 2. d3 d5 3. Nd2 c5 4. Ngf3 Nc6 5. g3 Bd6 6. Bg2 Nge7 7. O-O O-O 8. c3 b6 9. Ne1 Ba6 10. f4 Rc8 11. Qa4 Bb7 12. Ndf3 a6 13. Be3 b5 14. Qd1 d4 15. Bf2 Qb6 16. Nc2 Rfd8 17. Qe2 e5 18. f5 f6 19. g4 h6 20. h4 Kf7 21. g5 Rg8 22. Nh2 Ke8 23. gxf6 gxf6 24. Ng4 Rxg4 25. Qxg4 Kd7 26. Qg7 Qd8 27. Kh2 Qh8 28. Qxh8 Rxh8 29. Bf3 Nxf5 30. Bg4 Nce7 31. Bg3 Rg8 32. Bxf5+ Nxf5 33. Rxf5 1-0

[Event "Mike Shpan mem."]
[Site "Winnipeg CAN"]
[Date "2004.11.16"]
[Round "3"]
[White "Khedkar, Jay S"]
[Black "Tang, Edward"]
[Result "1/2-1/2"]
[WhiteElo "1964"]
[BlackElo "1940"]
[PlyCount "64"]
[GameId "2160767911060894"]
[EventDate "2004.11.02"]
[EventType "swiss"]
[EventRounds "6"]
[EventCountry "CAN"]
[SourceTitle "EXT 2009"]
[Source "ChessBase"]
[SourceDate "2008.11.26"]
[SourceVersion "1"]
[SourceVersionDate "2008.11.26"]
[SourceQuality "1"]

1. d4 Nf6 2. c4 g6 3. Nc3 Bg7 4. g3 O-O 5. Bg2 d6 6. Nf3 Nc6 7. O-O a6 8. e4 Bg4 9. Be3 e5 10. d5 Nd4 11. Bxd4 exd4 12. Qxd4 Nd7 13. Qd2 Qf6 14. Qf4 Qxf4 15. gxf4 Bxf3 16. Bxf3 Bxc3 17. bxc3 f5 18. exf5 gxf5 19. Rfe1 Rae8 20. Re3 Rxe3 21. fxe3 Re8 22. Kf2 Re7 23. Rg1+ Rg7 24. e4 Rxg1 25. Kxg1 b6 26. exf5 Kf7 27. Be4 Kf6 28. Kf2 Kg7 29. Ke3 Nf6 30. Bf3 Kf7 31. Kf2 h6 32. Ke3 Ke7 1/2-1/2

[Event "Mike Shpan mem."]
[Site "Winnipeg CAN"]
[Date "2004.11.16"]
[Round "3"]
[White "Proulx, Roy"]
[Black "Lafreniere, Adrian"]
[Result "1/2-1/2"]
[WhiteElo "1695"]
[BlackElo "1753"]
[PlyCount "60"]
[GameId "2160767911060895"]
[EventDate "2004.11.02"]
[EventType "swiss"]
[EventRounds "6"]
[EventCountry "CAN"]
[SourceTitle "EXT 2009"]
[Source "ChessBase"]
[SourceDate "2008.11.26"]
[SourceVersion "1"]
[SourceVersionDate "2008.11.26"]
[SourceQuality "1"]

1. d4 e6 2. c4 d5 3. Nf3 Nf6 4. Bg5 Be7 5. Nc3 a6 6. e3 Nc6 7. Rc1 h6 8. Bf4 Bd6 9. Ne5 Bd7 10. Bd3 Nb4 11. Bb1 dxc4 12. a3 Nbd5 13. O-O Nxf4 14. exf4 b5 15. Qf3 Ra7 16. Ne4 Nxe4 17. Bxe4 Bxe5 18. dxe5 Qe7 19. Rfd1 O-O 20. Qe3 c5 21. Rd6 Rc8 22. Rcd1 a5 23. g4 Be8 24. f5 exf5 25. Bxf5 Rc6 26. Rd8 Rcc7 27. Qe4 Kf8 28. Rb8 Rab7 29. Ra8 Ra7 30. Rb8 Rab7 1/2-1/2

[Event "Mike Shpan mem."]
[Site "Winnipeg CAN"]
[Date "2004.11.16"]
[Round "3"]
[White "Rumpel, Chris"]
[Black "Cheyne, Andrew"]
[Result "1-0"]
[WhiteElo "1559"]
[BlackElo "1158"]
[PlyCount "83"]
[GameId "2160767911060896"]
[EventDate "2004.11.02"]
[EventType "swiss"]
[EventRounds "6"]
[EventCountry "CAN"]
[SourceTitle "EXT 2009"]
[Source "ChessBase"]
[SourceDate "2008.11.26"]
[SourceVersion "1"]
[SourceVersionDate "2008.11.26"]
[SourceQuality "1"]

1. Nf3 Nc6 2. g3 g6 3. Bg2 Bg7 4. d3 d6 5. O-O Nf6 6. e4 O-O 7. c3 Re8 8. Nbd2 e5 9. Ne1 b6 10. f4 Rb8 11. fxe5 Nxe5 12. Ndf3 Bg4 13. Bg5 h6 14. Bxf6 Qxf6 15. Qd2 Nxf3+ 16. Nxf3 Qe6 17. Rf2 c5 18. Raf1 Re7 19. d4 Bxf3 20. Bxf3 Qxa2 21. d5 Qa4 22. Bd1 Qxe4 23. Re2 Qxe2 24. Bxe2 Rbe8 25. Bd3 Re5 26. c4 Re3 27. Kg2 R8e7 28. b3 a5 29. Rf3 R3e5 30. Rf2 Re3 31. Re2 Rxe2+ 32. Bxe2 f5 33. g4 fxg4 34. Bxg4 Kh7 35. Qd3 Re5 36. h4 h5 37. Be6 Bh6 38. Bf7 Rf5 39. Be6 Rf4 40. Qe2 Rxh4 41. Bg8+ Kg7 42. Qe7+ 1-0

[Event "Mike Shpan mem."]
[Site "Winnipeg CAN"]
[Date "2004.11.16"]
[Round "3"]
[White "Van Wyk, Joseph"]
[Black "Herkert, Dean"]
[Result "0-1"]
[WhiteElo "1912"]
[BlackElo "1755"]
[PlyCount "40"]
[GameId "2160767911060897"]
[EventDate "2004.11.02"]
[EventType "swiss"]
[EventRounds "6"]
[EventCountry "CAN"]
[SourceTitle "EXT 2009"]
[Source "ChessBase"]
[SourceDate "2008.11.26"]
[SourceVersion "1"]
[SourceVersionDate "2008.11.26"]
[SourceQuality "1"]

1. e4 Nf6 2. Nc3 d5 3. exd5 Nxd5 4. Nf3 Bg4 5. Bc4 e6 6. O-O Be7 7. Re1 Nxc3 8. bxc3 O-O 9. d4 Nd7 10. Rb1 Nb6 11. Bd3 Re8 12. h3 Bh5 13. Be4 c6 14. Qd3 f5 15. Bxc6 bxc6 16. Rxe6 Qd7 17. Qxf5 Bxf3 18. gxf3 Rf8 19. Qe4 Bd6 20. Bg5 Nd5 0-1

[Event "Mike Shpan mem."]
[Site "Winnipeg CAN"]
[Date "2004.11.23"]
[Round "4"]
[White "Cheyne, Andrew"]
[Black "Gibson, Fred"]
[Result "1-0"]
[WhiteElo "1158"]
[BlackElo "1177"]
[PlyCount "59"]
[GameId "2160767911060898"]
[EventDate "2004.11.02"]
[EventType "swiss"]
[EventRounds "6"]
[EventCountry "CAN"]
[SourceTitle "EXT 2009"]
[Source "ChessBase"]
[SourceDate "2008.11.26"]
[SourceVersion "1"]
[SourceVersionDate "2008.11.26"]
[SourceQuality "1"]

1. e4 c5 2. Nf3 d6 3. d4 cxd4 4. Nxd4 Nf6 5. Nc3 g6 6. Be3 Bg7 7. Bd3 Nc6 8. h3 Bd7 9. O-O O-O 10. f4 e5 11. Nf3 Nh5 12. f5 Ng3 13. Rf2 h5 14. Bg5 Bf6 15. Bxf6 Qxf6 16. Nd5 Qd8 17. fxg6 fxg6 18. Qd2 Kg7 19. h4 Be6 20. Kh2 Bg4 21. Kxg3 Qd7 22. Ng5 Nd4 23. c3 Rxf2 24. Qxf2 Rf8 25. Qd2 Ne6 26. Nxe6+ Bxe6 27. Kh2 Bf7 28. g3 Qg4 29. Qg2 Be6 30. Be2 1-0

[Event "Mike Shpan mem."]
[Site "Winnipeg CAN"]
[Date "2004.11.23"]
[Round "4"]
[White "Essery, Richard"]
[Black "MacPherson, Al"]
[Result "1-0"]
[WhiteElo "1721"]
[BlackElo "1734"]
[PlyCount "45"]
[GameId "2160767911060899"]
[EventDate "2004.11.02"]
[EventType "swiss"]
[EventRounds "6"]
[EventCountry "CAN"]
[SourceTitle "EXT 2009"]
[Source "ChessBase"]
[SourceDate "2008.11.26"]
[SourceVersion "1"]
[SourceVersionDate "2008.11.26"]
[SourceQuality "1"]

1. e4 c5 2. d4 cxd4 3. c3 dxc3 4. Nxc3 Nc6 5. Bc4 e6 6. a3 Nf6 7. Bb3 Qc7 8. Nf3 Be7 9. O-O a6 10. h3 O-O 11. Be3 b5 12. Rc1 Qb7 13. e5 Ne8 14. Ne4 Nxe5 15. Nxe5 f6 16. Nc5 Bxc5 17. Bxc5 fxe5 18. Bxf8 Kxf8 19. Qh5 Nf6 20. Qxe5 d5 21. Rc7 Qb6 22. Bxd5 Nxd5 23. Qxg7+ 1-0

[Event "Mike Shpan mem."]
[Site "Winnipeg CAN"]
[Date "2004.11.23"]
[Round "4"]
[White "Gibbons, Lorne"]
[Black "Van Wyk, Joseph"]
[Result "0-1"]
[WhiteElo "1300"]
[BlackElo "1912"]
[PlyCount "41"]
[GameId "2160767911060900"]
[EventDate "2004.11.02"]
[EventType "swiss"]
[EventRounds "6"]
[EventCountry "CAN"]
[SourceTitle "EXT 2009"]
[Source "ChessBase"]
[SourceDate "2008.11.26"]
[SourceVersion "1"]
[SourceVersionDate "2008.11.26"]
[SourceQuality "1"]

1. d4 d5 2. c4 e6 3. Nf3 Nf6 4. e3 c5 5. dxc5 Bxc5 6. cxd5 exd5 7. Bd2 Nc6 8. Be2 O-O 9. O-O Re8 10. Qc2 Qe7 11. a3 Bg4 12. Rc1 Bd6 13. h3 Bh5 14. Qd3 Rad8 15. Nc3 a6 16. Be1 Ne5 17. Nxd5 Nxd5 18. Nxe5 Qxe5 19. g3 Bxe2 20. Qxe2 Rc8 21. f4 0-1

[Event "Mike Shpan mem."]
[Site "Winnipeg CAN"]
[Date "2004.11.23"]
[Round "4"]
[White "Herkert, Dean"]
[Black "Schulz, Waldemar"]
[Result "0-1"]
[WhiteElo "1755"]
[BlackElo "2089"]
[PlyCount "76"]
[GameId "2160767911060901"]
[EventDate "2004.11.02"]
[EventType "swiss"]
[EventRounds "6"]
[EventCountry "CAN"]
[SourceTitle "EXT 2009"]
[Source "ChessBase"]
[SourceDate "2008.11.26"]
[SourceVersion "1"]
[SourceVersionDate "2008.11.26"]
[SourceQuality "1"]

1. f4 d5 2. e3 Nf6 3. b3 e6 4. Nf3 Be7 5. Bb2 O-O 6. Bd3 c5 7. Ne5 Nc6 8. Nxc6 bxc6 9. O-O Qb6 10. Nc3 Ba6 11. Be2 Bxe2 12. Qxe2 c4 13. Na4 Qb5 14. d3 cxb3 15. axb3 Qb7 16. Bd4 Nd7 17. e4 c5 18. Bf2 Rfe8 19. Ra2 Rac8 20. Nb2 a6 21. Rfa1 Nb8 22. e5 Rc6 23. Ra4 Rb6 24. Be3 Rb4 25. Bd2 Rxa4 26. Rxa4 Nc6 27. Bc3 Nb4 28. Bxb4 cxb4 29. Ra1 Bc5+ 30. Kh1 Bd4 31. Ra2 Rc8 32. Na4 Rc6 33. Qg4 Qc7 34. Qd1 Qe7 35. Qg4 f6 36. Qe2 fxe5 37. c4 bxc3 38. Rc2 Qa3 0-1